[Event "TCh-HUN 2017-18"]
[Site "Hungary HUN"]
[Date "2018.03.04"]
[Round "7.3"]
[White "Korpa, Bence"]
[Black "Havasi, Gergo"]
[Result "1/2-1/2"]
[WhiteTitle "GM"]
[BlackTitle "IM"]
[WhiteElo "2483"]
[BlackElo "2377"]
[WhiteTeam "DVTK"]
[BlackTeam "HUSI SC"]
[WhiteFideId "706671"]
[BlackFideId "760293"]
[EventDate "2017.11.25"]
[EventType "team-tourn"]

1. Nf3 Nf6 2. g3 g6 3. b3 Bg7 4. Bb2 O-O 5. Bg2 d6 6. d4 e5 7. dxe5 Nfd7 8. Nc3
dxe5 9. e4 Nc6 10. O-O Nb6 11. Qxd8 Rxd8 12. Nb5 Bg4 13. Nxc7 Rac8 14. Nb5 a6
15. Na3 Bf8 16. c3 Bxa3 17. Bxa3 Rd3 18. Ne1 Rxc3 19. Bb2 Rc5 20. f3 Be6 21. Nd3
Rc2 22. Rac1 Nb4 23. Rf2 Rxf2 24. Rxc8+ Nxc8 25. Nxf2 Nxa2 26. Bxe5 Bxb3 27. Ng4
h5 28. Nf6+ Kf8 29. Nd7+ Ke7 30. Nc5 Bc4 31. Nxb7 Nb4 32. Bb2 Nc2 33. Na5 Bb5
34. e5 Ne1 35. Bh1 Nb6 36. Bc3 Nd3 37. f4 h4 38. Nc6+ Kd7 39. Nd4 hxg3 40. hxg3
g5 41. f5 Bc4 42. Ba5 Nd5 43. e6+ fxe6 44. fxe6+ Ke7 45. Be4 Ne5 46. Bf5 Bd3 47.
Bh3 g4 48. Bg2 Nf3+ 49. Nxf3 gxf3 50. Bh3 Nf6 51. Bb4+ Ke8 52. Kf2 Be4 53. Ba3
Bb7 54. Bf5 Ng8 55. Bg6+ Kd8 56. Bb4 Nf6 57. e7+ Kd7 58. Bf5+ Ke8 59. Bg6+ Kd7
60. Bf5+ Ke8 61. g4 a5 62. Bg6+ Kd7 63. g5 Be4 64. Bf7 Bd5 65. Bg6 Be4 66. Bf7
Bd5 67. gxf6 Bxf7 68. Bxa5 1/2-1/2

[Event "TCh-HUN 2017-18"]
[Site "Hungary HUN"]
[Date "2018.03.04"]
[Round "7.4"]
[White "Borocz, Istvan1"]
[Black "Kozak, Adam"]
[Result "1/2-1/2"]
[WhiteTitle "IM"]
[BlackTitle "IM"]
[WhiteElo "2362"]
[BlackElo "2422"]
[WhiteTeam "HUSI SC"]
[BlackTeam "DVTK"]
[WhiteFideId "703036"]
[BlackFideId "753246"]
[EventDate "2017.11.25"]
[EventType "team-tourn"]

1. e4 e5 2. Nf3 Nc6 3. Bb5 a6 4. Bxc6 dxc6 5. O-O Bg4 6. h3 h5 7. d3 Qf6 8. Nbd2
g5 9. Nc4 Bxf3 10. Qxf3 Qxf3 11. gxf3 f6 12. Rd1 Ne7 13. Kf1 Ng6 14. Be3 Bd6 15.
c3 O-O-O 16. a4 c5 17. a5 Be7 18. Ke2 Rhf8 19. Ra4 Rd7 20. Nd2 Rfd8 21. Nb3 Kb8
22. Nc1 h4 23. Nb3 Kc8 24. Raa1 Kb8 25. Rd2 Kc8 26. Ra4 Kb8 27. Na1 Nf8 28. Nc2
Ng6 29. Ra1 Bd6 30. Na3 Nf8 31. Nc4 Be7 32. b3 Ne6 33. Rdd1 Bf8 34. Nb2 Be7 35.
Ra4 Bf8 36. Nc4 Be7 37. Ra2 Bf8 38. Nb2 Be7 39. Raa1 Bf8 40. Na4 Be7 41. Nb2 Bf8
42. Nc4 Be7 43. Ra4 Bf8 44. Raa1 Be7 1/2-1/2

[Event "TCh-HUN 2017-18"]
[Site "Hungary HUN"]
[Date "2018.03.04"]
[Round "7.5"]
[White "Berczes, David"]
[Black "Dory, Jeno"]
[Result "1-0"]
[WhiteTitle "GM"]
[BlackTitle "IM"]
[WhiteElo "2493"]
[BlackElo "2228"]
[WhiteTeam "DVTK"]
[BlackTeam "HUSI SC"]
[WhiteFideId "722960"]
[BlackFideId "700860"]
[EventDate "2017.11.25"]
[EventType "team-tourn"]

1. d4 Nf6 2. c4 e6 3. g3 d5 4. Bg2 Bb4+ 5. Bd2 Be7 6. Nf3 c6 7. O-O b6 8. Bf4
O-O 9. Nc3 Bb7 10. Rc1 Nh5 11. Be5 Nd7 12. cxd5 cxd5 13. Nb5 Nxe5 14. dxe5 a6
15. Nbd4 Qd7 16. Qd2 g6 17. g4 Ng7 18. Qh6 f5 19. h3 Rf7 20. Ng5 Bxg5 21. Qxg5
Raf8 22. a3 Qa4 23. b4 f4 24. Rc3 a5 25. Rb1 axb4 26. axb4 Qa2 27. Rbc1 Qd2 28.
Nf3 Qxe2 29. Rc7 Qb2 30. R1c2 Qxb4 31. Qh4 d4 32. Ng5 h5 33. Nxf7 Qe1+ 34. Kh2
Bxg2 35. Kxg2 Rxf7 36. Rxf7 Qe4+ 37. Kg1 Qe1+ 38. Kg2 Qe4+ 39. Kh2 Qxc2 40. Rxf4
Qc7 41. Qf6 d3 42. Rd4 1-0

[Event "TCh-HUN 2017-18"]
[Site "Hungary HUN"]
[Date "2018.03.04"]
[Round "7.6"]
[White "Fendrik, Lajos"]
[Black "Torma, Robert"]
[Result "0-1"]
[BlackTitle "IM"]
[WhiteElo "2202"]
[BlackElo "2484"]
[WhiteTeam "HUSI SC"]
[BlackTeam "DVTK"]
[WhiteFideId "735701"]
[BlackFideId "719030"]
[EventDate "2017.11.25"]
[EventType "team-tourn"]

1. b3 e5 2. Bb2 Nc6 3. e3 d5 4. Bb5 Bd6 5. Nf3 Qe7 6. c4 Nf6 7. c5 Bxc5 8. Nxe5
O-O 9. Nxc6 bxc6 10. Be2 Bd6 11. O-O c5 12. d3 a5 13. Nd2 a4 14. Nf3 Bf5 15. d4
a3 16. Bc3 Ne4 17. Rc1 Nxc3 18. Rxc3 Be4 19. Bd3 Rfd8 20. dxc5 Bxc5 21. Qc2 Bb4
22. Rc6 Bxf3 23. gxf3 Qg5+ 24. Kh1 Qh5 25. Be2 Bd6 26. f4 Qh3 27. Rg1 d4 28. Rg3
Qd7 29. Rc4 dxe3 30. fxe3 Qe7 31. Qc3 g6 32. Bf3 Rab8 33. Rg5 Bb4 34. Rxc7 Qxg5
35. fxg5 Bxc3 36. Rxc3 Rd2 37. Rc7 Rxa2 38. Bd5 Rd8 39. e4 Rb2 0-1

[Event "TCh-HUN 2017-18"]
[Site "Hungary HUN"]
[Date "2018.03.04"]
[Round "7.7"]
[White "Hando, Vilmos"]
[Black "Erdelyi, Zombor"]
[Result "1/2-1/2"]
[WhiteTitle "FM"]
[WhiteElo "2400"]
[BlackElo "2304"]
[WhiteTeam "DVTK"]
[BlackTeam "HUSI SC"]
[WhiteFideId "731676"]
[BlackFideId "720410"]
[EventDate "2017.11.25"]
[EventType "team-tourn"]

1. c4 Nf6 2. Nc3 d5 3. cxd5 Nxd5 4. g3 g6 5. Bg2 Nb6 6. Nf3 Bg7 7. O-O O-O 8. d4
Nc6 9. d5 Na5 10. Qc2 c6 11. dxc6 Nxc6 12. Rd1 Bd7 13. b3 Nb4 14. Qd2 Be6 15.
Bb2 Qxd2 16. Rxd2 Rac8 17. Nd1 Rfd8 1/2-1/2

[Event "TCh-HUN 2017-18"]
[Site "Hungary HUN"]
[Date "2018.03.04"]
[Round "7.8"]
[White "Biro, David"]
[Black "Horvath, Peter"]
[Result "0-1"]
[BlackTitle "GM"]
[WhiteElo "2222"]
[BlackElo "2422"]
[WhiteTeam "HUSI SC"]
[BlackTeam "DVTK"]
[WhiteFideId "717355"]
[BlackFideId "700843"]
[EventDate "2017.11.25"]
[EventType "team-tourn"]

1. Nf3 d5 2. g3 c6 3. Bg2 Bg4 4. O-O Nd7 5. d3 e5 6. Nbd2 Ngf6 7. e4 dxe4 8.
dxe4 Bc5 9. Qe1 O-O 10. Nc4 Re8 11. Nh4 Nf8 12. Be3 Bxe3 13. Nxe3 Be6 14. Qe2
Qb6 15. c3 Rad8 16. Rfe1 Rd7 17. b4 Red8 18. Rad1 g6 19. a3 a5 20. Qc2 axb4 21.
axb4 c5 22. Rxd7 Rxd7 23. Rb1 cxb4 24. Rxb4 Qc5 25. Qb2 Rd3 26. c4 Rxe3 27. fxe3
Qxe3+ 28. Qf2 Qc1+ 29. Bf1 Nxe4 30. Qe2 Bh3 31. Ng2 Nd2 32. Rxb7 e4 33. Qf2 Nf3+
34. Kh1 0-1

[Event "TCh-HUN 2017-18"]
[Site "Hungary HUN"]
[Date "2018.03.04"]
[Round "7.9"]
[White "Almasi, Istvan"]
[Black "Szekely, Mihaly"]
[Result "1-0"]
[WhiteTitle "IM"]
[WhiteElo "2419"]
[BlackElo "1984"]
[WhiteTeam "DVTK"]
[BlackTeam "HUSI SC"]
[WhiteFideId "701742"]
[BlackFideId "785539"]
[EventDate "2017.11.25"]
[EventType "team-tourn"]

1. Nf3 Nf6 2. c4 c5 3. Nc3 g6 4. e4 d6 5. d4 cxd4 6. Nxd4 Bg7 7. Be2 Nc6 8. Be3
O-O 9. O-O a6 10. Rc1 Bd7 11. Nc2 Na5 12. b4 Nc6 13. f3 Ne5 14. Nd5 Nxd5 15.
exd5 f5 16. Nd4 f4 17. Bf2 Rc8 18. c5 dxc5 19. bxc5 Qa5 20. Qb3 1-0

[Event "TCh-HUN 2017-18"]
[Site "Hungary HUN"]
[Date "2018.03.04"]
[Round "7.10"]
[White "Fuad Kamel Jamaliah, Natalie"]
[Black "Kun, Gabor"]
[Result "0-1"]
[WhiteTitle "WIM"]
[WhiteElo "2005"]
[BlackElo "2329"]
[WhiteTeam "HUSI SC"]
[BlackTeam "DVTK"]
[WhiteFideId "724190"]
[BlackFideId "711594"]
[EventDate "2017.11.25"]
[EventType "team-tourn"]

1. d4 f5 2. Nf3 Nf6 3. c3 e6 4. Bf4 c5 5. e3 Nc6 6. h3 b6 7. Nbd2 Be7 8. Bc4 Bb7
9. O-O O-O 10. Nb3 d5 11. Be2 c4 12. Nbd2 Ne4 13. Ne5 Nxe5 14. Bxe5 Bd6 15. Nf3
b5 16. Bxd6 Qxd6 17. Ne5 a5 18. Bf3 Nf6 19. a3 Bc6 20. Qc2 Nd7 21. Nxd7 Bxd7 22.
Qd2 Rfb8 23. Rfb1 b4 24. Bd1 bxa3 25. bxa3 Rxb1 26. Rxb1 Qxa3 27. Qc2 Qd6 28.
Qa2 a4 29. Rb4 f4 30. Bf3 fxe3 31. fxe3 Rb8 32. Rxb8+ Qxb8 33. Bd1 h6 34. Bxa4
Bxa4 35. Qxa4 Qb1+ 36. Kf2 Qb2+ 37. Kf3 Qxc3 38. Qe8+ Kh7 39. Qxe6 Qd3 40. Qa6
Qe4+ 41. Kf2 c3 42. Qa2 c2 43. Qb2 Qd3 0-1

[Event "TCh-HUN 2017-18"]
[Site "Hungary HUN"]
[Date "2018.03.04"]
[Round "7.11"]
[White "Medvegy, Nora"]
[Black "Merenyi, Gabor"]
[Result "0-1"]
[WhiteTitle "IM"]
[WhiteElo "2357"]
[BlackElo "1993"]
[WhiteTeam "DVTK"]
[BlackTeam "HUSI SC"]
[WhiteFideId "705136"]
[BlackFideId "716413"]
[EventDate "2017.11.25"]
[EventType "team-tourn"]

1. e4 e5 2. Nf3 d6 3. d4 Nf6 4. Nc3 Nbd7 5. Bc4 Be7 6. O-O O-O 7. Re1 c6 8. a4
h6 9. h3 Re8 10. Bb3 Qc7 11. d5 Nf8 12. Be3 g5 13. Nh2 Kg7 14. a5 Ng6 15. a6 c5
16. axb7 Qxb7 17. Ba4 Bd7 18. Bxd7 Qxd7 19. Qe2 Reb8 20. Ra2 Rb4 21. Bd2 Bd8 22.
Rea1 Rb7 23. b3 Bb6 24. Ra4 Nf4 25. Qb5 Bd8 26. Qxd7 Nxd7 27. Ng4 Ng6 28. Ne3
Ne7 29. Ra6 Bb6 30. Nc4 Nc8 31. Nb5 Nf6 32. Nbxd6 Nxd6 33. Nxd6 Rbb8 34. Bc3 Nd7
35. Nc4 f6 36. Kf1 Rb7 37. Ke2 Kf8 38. Nd6 Rc7 39. f3 h5 40. Nc4 Rb8 41. h4 Kg7
42. hxg5 0-1

[Event "TCh-HUN 2017-18"]
[Site "Hungary HUN"]
[Date "2018.03.04"]
[Round "7.12"]
[White "Biro, Laszlo"]
[Black "Fusthy, Zsolt"]
[Result "1/2-1/2"]
[BlackTitle "FM"]
[WhiteElo "1972"]
[BlackElo "2268"]
[WhiteTeam "HUSI SC"]
[BlackTeam "DVTK"]
[WhiteFideId "724220"]
[BlackFideId "701858"]
[EventDate "2017.11.25"]
[EventType "team-tourn"]

1. d4 Nf6 2. c4 e6 3. Nc3 Bb4 4. e3 c5 5. Ne2 cxd4 6. exd4 O-O 7. a3 Be7 8. Nf4
Re8 9. Be3 d5 10. cxd5 Nxd5 11. Ncxd5 exd5 12. Be2 Bg5 13. O-O Nc6 14. Bf3 1/2-1/2

[Event "TCh-HUN 2017-18"]
[Site "Hungary HUN"]
[Date "2018.03.04"]
[Round "7.1"]
[White "Sadzikowski, Daniel"]
[Black "Kallai, Gabor"]
[Result "1/2-1/2"]
[WhiteTitle "GM"]
[BlackTitle "GM"]
[WhiteElo "2587"]
[BlackElo "2475"]
[WhiteTeam "Dunaharaszti MTK"]
[BlackTeam "MTK Budapest"]
[WhiteFideId "1132253"]
[BlackFideId "700282"]
[EventDate "2017.11.25"]
[EventType "team-tourn"]

1. c4 e6 2. Nc3 d5 3. d4 c6 4. e4 dxe4 5. Nxe4 Bb4+ 6. Nc3 e5 7. a3 Bxc3+ 8.
bxc3 Nf6 9. dxe5 Qxd1+ 10. Kxd1 Ng4 11. Ra2 Be6 12. f4 Nd7 13. h3 Nh6 14. g4 Nb6
15. Rd2 O-O 16. Nf3 Nxc4 17. Rd4 Bd5 18. Ke2 f6 19. exf6 gxf6 20. Kf2 b5 21. Bd3
Nf7 22. Re1 Nfd6 23. Nd2 Nxd2 24. Bxd2 Rfe8 25. Rxe8+ Rxe8 26. f5 Ne4+ 27. Bxe4
Rxe4 28. Rxe4 1/2-1/2

[Event "TCh-HUN 2017-18"]
[Site "Hungary HUN"]
[Date "2018.03.04"]
[Round "7.2"]
[White "Juhasz, Armin"]
[Black "Grigoriants, Sergey"]
[Result "1/2-1/2"]
[WhiteTitle "IM"]
[BlackTitle "GM"]
[WhiteElo "2369"]
[BlackElo "2558"]
[WhiteTeam "MTK Budapest"]
[BlackTeam "Dunaharaszti MTK"]
[WhiteFideId "724270"]
[BlackFideId "4130804"]
[EventDate "2017.11.25"]
[EventType "team-tourn"]

1. Nf3 d5 2. d4 Nf6 3. c4 e6 4. Nc3 c6 5. cxd5 exd5 6. Bg5 Bf5 7. e3 Nbd7 8. Bd3
Bxd3 9. Qxd3 Bd6 10. O-O O-O 11. Rab1 a5 12. Qc2 Re8 13. Rfe1 Qb8 14. Qf5 h6 15.
Bxf6 Nxf6 16. h3 Re6 17. Nd2 Qd8 18. e4 dxe4 1/2-1/2

[Event "TCh-HUN 2017-18"]
[Site "Hungary HUN"]
[Date "2018.03.04"]
[Round "7.3"]
[White "Gonda, Laszlo"]
[Black "Marosi, Levente"]
[Result "1-0"]
[WhiteTitle "GM"]
[BlackTitle "FM"]
[WhiteElo "2499"]
[BlackElo "2293"]
[WhiteTeam "Dunaharaszti MTK"]
[BlackTeam "MTK Budapest"]
[WhiteFideId "720852"]
[BlackFideId "747181"]
[EventDate "2017.11.25"]
[EventType "team-tourn"]

1. Nf3 Nf6 2. c4 e6 3. g3 d5 4. Bg2 dxc4 5. O-O Be7 6. Na3 O-O 7. Nxc4 b5 8.
Nce5 Bb7 9. d4 a6 10. Bd2 c5 11. dxc5 Bxc5 12. Rc1 Nbd7 13. Bg5 Rc8 14. Nxd7
Qxd7 15. Bxf6 Qxd1 16. Rfxd1 gxf6 17. Ne1 Bxg2 18. Kxg2 Rfe8 19. Rd7 Bf8 20.
Rxc8 Rxc8 21. Ra7 Rc6 22. Nd3 Bd6 23. g4 Kg7 24. h3 Be5 25. f4 Bd4 26. Ra8 e5
27. Kf3 exf4 28. Nxf4 Be5 29. Nd5 Rc2 30. Ne3 1-0

[Event "TCh-HUN 2017-18"]
[Site "Hungary HUN"]
[Date "2018.03.04"]
[Round "7.4"]
[White "Juhasz, Kristof"]
[Black "Kovacevic, Blazimir"]
[Result "1/2-1/2"]
[BlackTitle "IM"]
[WhiteElo "1605"]
[BlackElo "2476"]
[WhiteTeam "Aquarena Kobanya SC"]
[BlackTeam "Dunaharaszti MTK"]
[WhiteFideId "764507"]
[BlackFideId "14502712"]
[EventDate "2017.11.25"]
[EventType "team-tourn"]

1. Nf3 c5 2. c4 Nf6 3. Nc3 e6 4. g3 b6 5. Bg2 Bb7 6. O-O d6 7. d4 cxd4 8. Qxd4
a6 9. Bg5 Nbd7 10. Nd2 Bxg2 11. Kxg2 Qc7 12. Nde4 Be7 13. Rfd1 O-O 14. Nxf6+
Nxf6 15. Ne4 Nxe4 16. Bxe7 Qxe7 17. Qxe4 Rac8 18. a4 Qc7 19. b3 Rfd8 20. Rd4 Qc6
21. Qxc6 Rxc6 22. e4 e5 23. Rd5 Kf8 24. Rad1 Ke7 25. f4 f6 26. f5 Rc5 27. Kf3
Rxd5 28. Rxd5 Rc8 29. g4 Rc5 30. Rxc5 dxc5 31. h4 Kf7 32. g5 h5 33. gxh6 gxh6
34. Kg4 a5 35. h5 Ke7 1/2-1/2

[Event "TCh-HUN 2017-18"]
[Site "Hungary HUN"]
[Date "2018.03.04"]
[Round "7.5"]
[White "Flumbort, Andras"]
[Black "Szabo, Balazs"]
[Result "1-0"]
[WhiteTitle "GM"]
[BlackTitle "FM"]
[WhiteElo "2435"]
[BlackElo "2254"]
[WhiteTeam "Dunaharaszti MTK"]
[BlackTeam "MTK Budapest"]
[WhiteFideId "717274"]
[BlackFideId "727105"]
[EventDate "2017.11.25"]
[EventType "team-tourn"]

1. d4 Nf6 2. c4 c5 3. d5 g6 4. Nc3 Bg7 5. e4 d6 6. h3 O-O 7. Nf3 e6 8. Bd3 e5 9.
Bg5 h6 10. Be3 Nh5 11. Qd2 Kh7 12. g3 Na6 13. a3 Bd7 14. Rb1 Qe7 15. Bc2 Rfc8
16. Qe2 b6 17. Nh4 Nf6 18. Kf1 Nc7 19. b4 Na6 20. Kg2 Ng8 21. Rhd1 Bf6 22. Nf3
Bg7 23. bxc5 Nxc5 24. a4 Rab8 25. a5 Nf6 26. axb6 axb6 27. Rb4 Ne8 28. Rdb1 Qd8
29. Nd2 Rb7 30. Na4 Nxa4 31. Bxa4 Bxa4 32. Rxa4 Rcb8 33. Rab4 Qc7 34. R1b2 Nf6
35. Qd3 Nd7 36. Qb1 Kg8 37. Rb5 Kh7 38. Nb3 Ra7 39. Qc2 Rc8 40. Rb4 Ra6 41. Nc1
Bf8 42. Ne2 Qd8 43. Nc3 Rca8 44. Na4 Nf6 45. Nxb6 Rb8 46. Rb5 h5 47. Na4 Rc8 48.
Rb7 Qe8 49. Nb6 Rb8 50. Rxb8 Qxb8 51. Nd7 Qd8 52. Nb8 Ra3 53. Bg5 Bh6 54. Nc6
Qh8 55. Bxh6 Kxh6 56. Rb8 Qg7 57. Qc1+ 1-0

[Event "TCh-HUN 2017-18"]
[Site "Hungary HUN"]
[Date "2018.03.04"]
[Round "7.6"]
[White "Terbe, Julianna"]
[Black "Farago, Ivan"]
[Result "0-1"]
[WhiteTitle "WIM"]
[BlackTitle "GM"]
[WhiteElo "2263"]
[BlackElo "2385"]
[WhiteTeam "MTK Budapest"]
[BlackTeam "Dunaharaszti MTK"]
[WhiteFideId "708780"]
[BlackFideId "700134"]
[EventDate "2017.11.25"]
[EventType "team-tourn"]

1. e4 e6 2. d4 d5 3. Nd2 h6 4. Bd3 c5 5. exd5 exd5 6. Ngf3 c4 7. Be2 Nc6 8. c3
Bd6 9. b3 cxb3 10. axb3 Nf6 11. O-O O-O 12. c4 Re8 13. c5 Bc7 14. Ba3 Ne4 15.
Rc1 Qf6 16. Nb1 Bg4 17. Bb2 Bf4 18. Rc2 Nb4 19. Nc3 Nxc3 20. Rxc3 Na2 21. Rd3
Bf5 22. Rd2 Nb4 23. Bb5 Re4 24. Bc3 a6 25. Be2 Bxd2 26. Qxd2 Rxe2 27. Qxe2 Bd3
28. Qd1 Bxf1 29. Qxf1 Nc6 30. b4 Na7 31. Bd2 Nb5 32. Qd3 Re8 33. Be3 Qe6 34. h3
Qe4 35. Qb3 Re6 36. Kh2 Rg6 37. Qa2 f5 38. Qd2 Na3 39. Bf4 Nc4 40. Qc1 Re6 41.
h4 Rg6 42. Kh1 Rg4 43. Bh2 Qe2 44. Bg3 f4 45. Ng1 Qd2 46. Qxd2 Nxd2 47. Bh2 Rxh4 0-1

[Event "TCh-HUN 2017-18"]
[Site "Hungary HUN"]
[Date "2018.03.04"]
[Round "7.7"]
[White "Popovics, Adam"]
[Black "Terbe, Zsuzsanna"]
[Result "1-0"]
[WhiteTitle "IM"]
[BlackTitle "WFM"]
[WhiteElo "2378"]
[BlackElo "2170"]
[WhiteTeam "Dunaharaszti MTK"]
[BlackTeam "MTK Budapest"]
[WhiteFideId "721506"]
[BlackFideId "708801"]
[EventDate "2017.11.25"]
[EventType "team-tourn"]

1. e4 c5 2. Nf3 Nc6 3. Bb5 g6 4. O-O Bg7 5. c3 Nf6 6. Re1 O-O 7. d4 cxd4 8. cxd4
d5 9. e5 Ne4 10. Bxc6 bxc6 11. Nbd2 Nxd2 12. Nxd2 c5 13. dxc5 Qc7 14. Nb3 Bxe5
15. Qxd5 Bxh2+ 16. Kh1 Bb7 17. Qg5 f6 18. Qh6 Be5 19. f4 Qc6 20. Qh3 Bc7 21.
Rxe7 h5 22. Nd4 Qxc5 23. Qe6+ Kh8 24. Qd7 1-0

[Event "TCh-HUN 2017-18"]
[Site "Hungary HUN"]
[Date "2018.03.04"]
[Round "7.8"]
[White "Berta, Sandor"]
[Black "Tompa, Janos"]
[Result "0-1"]
[BlackTitle "IM"]
[WhiteElo "2122"]
[BlackElo "2371"]
[WhiteTeam "MTK Budapest"]
[BlackTeam "Dunaharaszti MTK"]
[WhiteFideId "713775"]
[BlackFideId "700193"]
[EventDate "2017.11.25"]
[EventType "team-tourn"]

1. d4 Nf6 2. Bf4 c5 3. c3 b6 4. Nf3 Bb7 5. e3 g6 6. h3 Bg7 7. Be2 d6 8. O-O O-O
9. c4 cxd4 10. exd4 d5 11. Ne5 Nc6 12. Nc3 Rc8 13. Bf3 Na5 14. b3 dxc4 15. Bxb7
Nxb7 16. Nxc4 Nd5 17. Nxd5 Qxd5 18. Be5 Rfd8 19. Re1 f6 20. Bg3 Rd7 21. Qd2 e5
22. Rad1 exd4 23. Ne3 Qb5 24. Nc2 Rcd8 25. Nb4 a5 26. Nd3 Nc5 27. Nb2 f5 28. Nc4
Ne4 29. Qf4 d3 30. Kh2 a4 31. Bh4 Rf8 32. Qf3 axb3 33. axb3 Qxb3 34. Nd2 Nxd2
35. Qc6 Qd5 0-1

[Event "TCh-HUN 2017-18"]
[Site "Hungary HUN"]
[Date "2018.03.04"]
[Round "7.9"]
[White "Papp, Petra"]
[Black "Laza, Szabolcs"]
[Result "1/2-1/2"]
[WhiteTitle "WGM"]
[WhiteElo "2335"]
[BlackElo "2173"]
[WhiteTeam "Dunaharaszti MTK"]
[BlackTeam "MTK Budapest"]
[WhiteFideId "739049"]
[BlackFideId "741345"]
[EventDate "2017.11.25"]
[EventType "team-tourn"]

1. d4 d5 2. c4 c6 3. Nc3 Nf6 4. Nf3 e6 5. g3 Nbd7 6. Bg2 b6 7. O-O Bb7 8. e4
Nxe4 9. Nxe4 dxe4 10. Ng5 Nf6 11. Nxe4 Be7 12. Bf4 O-O 13. Qe2 Rc8 14. Rfd1 Nxe4
15. Qxe4 Bf6 16. c5 Ba6 17. Rac1 Qd7 18. Qc2 Bb7 19. h4 Rfd8 20. Be5 Qe7 21. b4
b5 22. a4 Ba6 23. Qe2 Qb7 24. a5 Qe7 25. Rc2 Bb7 26. Rcd2 Rd7 27. Be4 a6 28. Qf3
Rcd8 29. Qf4 Ba8 30. Kg2 Bb7 31. Qe3 g6 32. Qh6 Bh8 33. Qe3 Bg7 34. Bb1 Kf8 35.
Rd3 Bxe5 36. dxe5 Rxd3 37. Rxd3 Rd5 38. Ba2 Rxd3 39. Qxd3 Ke8 40. Qd6 Qd7 41. h5
Bc8 42. Kh3 Qxd6 43. exd6 f6 44. g4 Kf7 45. Kh4 g5+ 46. Kg3 Kg7 47. f4 h6 48.
Bb3 Bd7 49. Kf3 gxf4 50. Kxf4 Kh7 51. Bc2+ Kg7 52. Bg6 Kg8 53. Kf3 Kg7 54. Ke3
Kg8 55. Kd4 Kg7 56. Ke4 Kg8 57. Kd3 Kg7 58. Kd4 Kg8 59. g5 hxg5 60. h6 Kf8 61.
Ke4 Kg8 62. Kd4 Kh8 63. Ke4 Kg8 64. Kd4 Kh8 65. Ke4 Kg8 1/2-1/2

[Event "TCh-HUN 2017-18"]
[Site "Hungary HUN"]
[Date "2018.03.04"]
[Round "7.10"]
[White "Fodor, Balazs"]
[Black "Balint, Vilmos"]
[Result "1-0"]
[WhiteElo "2102"]
[BlackElo "2251"]
[WhiteTeam "MTK Budapest"]
[BlackTeam "Dunaharaszti MTK"]
[WhiteFideId "741850"]
[BlackFideId "718050"]
[EventDate "2017.11.25"]
[EventType "team-tourn"]

1. d4 Nf6 2. c4 e6 3. Nf3 Bb4+ 4. Nbd2 O-O 5. a3 Be7 6. Qc2 d5 7. e3 Nbd7 8.
cxd5 exd5 9. b4 Ne8 10. Bd3 h6 11. Bb2 Nd6 12. Ne5 Nxe5 13. dxe5 Ne8 14. O-O c6
15. f4 f5 16. Nb3 Nc7 17. Nd4 g6 18. g4 Nb5 19. Nxc6 bxc6 20. Qxc6 Qb6 21. Qxb6
axb6 22. Bxb5 fxg4 23. Bc6 Ra7 24. Bxd5+ Kh7 25. Rac1 Ba6 26. Rf2 Rd8 27. e4 Rf8
28. Rc6 Bh4 29. Rfc2 Bd8 30. Bc1 Bb5 31. Rc8 h5 32. e6 Bd3 33. R2c3 Ba6 34. Ra8
Rxa8 35. Bxa8 Bf6 36. Rc7+ Kh8 37. e5 Bxe5 38. fxe5 Rxa8 39. Bg5 Kg8 40. Bf6 Rc8
41. Rg7+ Kf8 42. Rh7 Rc1+ 43. Kf2 g3+ 44. hxg3 1-0

[Event "TCh-HUN 2017-18"]
[Site "Hungary HUN"]
[Date "2018.03.04"]
[Round "7.11"]
[White "Kokeny, Norbert Adrian"]
[Black "Honos, Attila"]
[Result "1/2-1/2"]
[BlackTitle "FM"]
[WhiteElo "2200"]
[BlackElo "2207"]
[WhiteTeam "Dunaharaszti MTK"]
[BlackTeam "MTK Budapest"]
[WhiteFideId "759740"]
[BlackFideId "701459"]
[EventDate "2017.11.25"]
[EventType "team-tourn"]

1. Nf3 Nf6 2. g3 b5 3. Bg2 Bb7 4. O-O e6 5. d4 Be7 6. a4 b4 7. c4 a5 8. Nbd2 c5
9. Nb3 Na6 10. dxc5 Nxc5 11. Be3 Rc8 12. Bxc5 Bxc5 13. Nfd4 Bxg2 14. Kxg2 O-O
15. Nb5 Qb6 16. Rc1 h5 17. Qd3 d5 18. cxd5 Nxd5 19. e4 Nf6 20. Rc4 Ng4 21. Nxc5
Rxc5 22. Qd4 Rfc8 23. Rfc1 Rxc4 24. Rxc4 Qb7 25. Qa7 Qa8 26. Rxc8+ Qxc8 27.
Qxf7+ Kxf7 28. Nd6+ Kf6 29. Nxc8 Ne5 30. Nb6 Nd3 31. Nc4 Nc5 32. Nxa5 Nxa4 33.
b3 Nc5 34. f3 Ke5 35. Nc6+ Kd6 36. Nxb4 Nxb3 37. Nd3 e5 38. f4 Nd2 39. fxe5+ Ke6
40. Nf4+ Kxe5 41. Nxh5 g5 42. Kh3 Nf3 43. Kg4 Nxh2+ 44. Kxg5 Kxe4 45. Nf6+ Kf3
46. Kh4 Kg2 47. Ne4 Nf1 48. g4 Nh2 49. g5 Nf3+ 50. Kg4 Nxg5 51. Nxg5 1/2-1/2

[Event "TCh-HUN 2017-18"]
[Site "Hungary HUN"]
[Date "2018.03.04"]
[Round "7.12"]
[White "Juhasz, Agoston"]
[Black "Markos, Adam"]
[Result "0-1"]
[WhiteElo "2026"]
[BlackElo "2188"]
[WhiteTeam "MTK Budapest"]
[BlackTeam "Dunaharaszti MTK"]
[WhiteFideId "778346"]
[BlackFideId "752991"]
[EventDate "2017.11.25"]
[EventType "team-tourn"]

1. e4 e6 2. d4 d5 3. Bd3 dxe4 4. Bxe4 Nf6 5. Bf3 c5 6. Ne2 Nc6 7. Be3 cxd4 8.
Nxd4 Ne5 9. O-O a6 10. Nc3 Bd6 11. Be2 Qe7 12. Bg5 Bd7 13. Ne4 Bc7 14. Nxf6+
gxf6 15. Bh4 Ng6 16. Bg3 e5 17. Bd3 h5 18. h4 O-O-O 19. Nf5 Qc5 20. Qf3 Bc6 21.
Be4 Bxe4 22. Qxe4 Rd2 23. Rac1 Kb8 24. Qe3 Qd5 25. Qc3 Nf4 26. Bxf4 exf4 27. Ne7
Qd6 28. Nf5 Qd7 29. Qxf6 Rg8 30. Ne7 Rxg2+ 31. Kxg2 Qg4+ 32. Kh1 Qh3+ 33. Kg1 f3
34. Qh8+ Rd8 0-1